| 000 | 00362nam a22001337a 4500 | ||
|---|---|---|---|
| 020 | _a978-1-266-91476-8 | ||
| 082 | _a519.5 | ||
| 100 | _aLind, Douglas A. | ||
| 245 | _aBasic Statistics in Business & Economics | ||
| 260 |
_aNew York: _bMcGrawHill, _c2024 |
||
| 300 | _axxiv, 648p.: ill.; 27cm | ||
| 700 | _aMarchal, William G. & Wathem, Samuel A. | ||
| 942 | _cBK | ||
| 999 |
_c22162 _d22162 |
||